000 01219nam0a22002891 4500
001 rc\106438
005 20190415113733.0
010 _a5-230-19588-6
_9200
035 _a(NLR Aleph) 005368199
090 _a6971691
_c6971691
100 _a20021216d1996 u |0rusy50 ca
101 0 _arus
102 _aRU
105 _aa |||||||||
200 1 _aПромывочные среды для бурения скважин в криолитозоне и ледниках
_eУчеб. пособие
_fВ.С. Литвиненко, П.Г. Талалай, В.К. Чистяков
_gС.-Петерб. гос. горный ин-т им. Г.В. Плеханова (техн. ун-т)
210 _aСПб.
_cСПбГИ
_d1996
215 _a69 с.
_cграф.
_d20
320 _aБиблиогр.: с. 66-68 (50 назв.)
700 1 _aЛитвиненко
_bВ. С.
_f1955-
_gВладимир Стефанович
_3RU\NLR\AUTH\771463
701 1 _aТалалай
_bП. Г.
_gПавел Григорьевич
701 1 _aЧистяков
_bВ. К.
_gВалерий Константинович
801 0 _aRU
_bNLR
_gpsbo
801 1 _aRU
_bELAR
_2rusmarc
852 _aNLR
_j97-4/13625
942 _cBOOK
980 _aNB